000 00658nam a22002057a 4500
005 20161206122120.0
010 _aENG-116752
020 _a9788184845327
_c680.00
035 _aEN-100284
037 _bDBAD/PUB
082 _a341.48
100 _aGogoi,Chitta Ranjan
245 _aHuman rights :
_cby Chitta Ranjan Gogoi [and] Jyotirmoyee Baruah
_bcurrent issues, violation [and] remedies /
260 _aNew Delhi
_bRegal Publications
_c2016
270 _aF-159 Rajouri Garden
_bNew Delhi
_e110027
300 _axii,172p.
_c23cm(Hb)
500 _aIncludes index
700 _aBaruah, Jyotirmoyee
942 _2ddc
_cEN
_h341.48
_mGOG
999 _c104980
_d104980